| 000 | 00585nam a2200205 a 4500 | ||
|---|---|---|---|
| 999 |
_c1369 _d1369 |
||
| 008 | 191227t2014 ii ad||g |||| 001 0 eng d | ||
| 020 |
_a9789382332480 _c495.00 |
||
| 040 |
_aKO _beng |
||
| 041 | 0 | _aeng | |
| 044 | _aii | ||
| 082 | 0 | 4 |
_223 _a621.8 _bSi643 |
| 100 | 1 | _aSingh, K. Hiraniya | |
| 245 | 1 | 0 |
_aManufacturing Engineering / _cK. Hiraniya Singh |
| 260 |
_aNew Delhi: _bInternational Publishing House Pvt.Ltd., _c2014. |
||
| 300 |
_axviii, 596p . : _bill.,charts; _c24 cm |
||
| 504 | _aInclude Index. | ||
| 650 | 0 |
_aProduction engineering _vTextbook |
|
| 942 | _cBK | ||